Quiz sur Staline mais facile - Statistiques

Statistiques générales
  • Ce quiz a été pris 165 fois
  • Le résultat moyen est 4 sur 6
Statistiques - réponses
Question Hint Réponse % Correct
Était-il gentil ou méchant ? T’es communiste ? Je crois qu’il a tué des gens… Méchant
96%
Quelle était sa nationalité ? Un grand pays. Russe
91%
L’eau préféré des français ? Cri- Staline
81%
Qui a fait ce quiz ? Regarde au dessus tête de linotte… Arthurlenflure7
71%
Quand Staline est-il-né ? Je crois que c’est au XVIIème 1878
52%
Quel est son prénom ? Ce n’est ni Joseph ni Staline. Pense a Iosseb Iosseb
29%
Aucun quiz correspondant
Distribution des résultats
% des personnes avec chaque résultat
Percentile par nombre de réponses
Votre historique - résultats
Vous n’avez pas pris ce quiz